000
00276nam a22001097a 4500
008
170120b xxu||||| |||| 00| 0 eng d
020
_a
9780787971649
041
_a
eng
080
_a
618.2
245
_a
QUANTITATIVE METHODS IN HELTH CARE MANAGEMENT
_c
OZCAN, Y.A
942
_2
udc
_c
BK
999
_c
3207
_d
3207